<?xml version="1.0" encoding="UTF-8"?>
<record
    xmlns:xsi="http://www.w3.org/2001/XMLSchema-instance"
    xsi:schemaLocation="http://www.loc.gov/MARC21/slim http://www.loc.gov/standards/marcxml/schema/MARC21slim.xsd"
    xmlns="http://www.loc.gov/MARC21/slim">

  <leader>01389nam a2200229Ia 4500</leader>
  <controlfield tag="003">Ost</controlfield>
  <controlfield tag="005">20260507075055.0</controlfield>
  <controlfield tag="008">260507s9999||||xx |||||||||||||| ||und||</controlfield>
  <datafield tag="020" ind1=" " ind2=" ">
    <subfield code="a">6329327977</subfield>
  </datafield>
  <datafield tag="040" ind1=" " ind2=" ">
    <subfield code="c">fsecg</subfield>
  </datafield>
  <datafield tag="041" ind1=" " ind2=" ">
    <subfield code="a">ara</subfield>
  </datafield>
  <datafield tag="082" ind1=" " ind2=" ">
    <subfield code="a">379.62</subfield>
  </datafield>
  <datafield tag="100" ind1=" " ind2=" ">
    <subfield code="a">&#x627;&#x644;&#x645;&#x62A;&#x628;&#x648;&#x644;&#x64A;&#x60C; &#x635;&#x644;&#x627;&#x62D; &#x627;&#x644;&#x62F;&#x64A;&#x646;</subfield>
    <subfield code="e">&#x645;&#x624;&#x644;&#x641;</subfield>
  </datafield>
  <datafield tag="245" ind1=" " ind2="0">
    <subfield code="a">&#x627;&#x644;&#x62A;&#x639;&#x644;&#x64A;&#x645; &#x648;&#x627;&#x644;&#x642;&#x631;&#x648;&#x636; &#x627;&#x644;&#x623;&#x62C;&#x646;&#x628;&#x64A;&#x629; /</subfield>
    <subfield code="c"> &#x635;&#x644;&#x627;&#x62D; &#x627;&#x644;&#x62F;&#x64A;&#x646; &#x627;&#x644;&#x645;&#x62A;&#x628;&#x648;&#x644;&#x64A;</subfield>
  </datafield>
  <datafield tag="260" ind1=" " ind2=" ">
    <subfield code="a">&#x627;&#x644;&#x625;&#x633;&#x643;&#x646;&#x62F;&#x631;&#x64A;&#x629;: </subfield>
    <subfield code="b">&#x62F;&#x627;&#x631; &#x627;&#x644;&#x648;&#x641;&#x627;&#x621;, </subfield>
    <subfield code="c">2003</subfield>
  </datafield>
  <datafield tag="300" ind1=" " ind2=" ">
    <subfield code="a">319  &#x635;&#x641;&#x62D;&#x629;&#x61B; </subfield>
    <subfield code="b">&#x625;&#x64A;&#x636;&#x627;&#x62D;&#x627;&#x62A; &#x61B;</subfield>
    <subfield code="c">24 &#x633;&#x645;</subfield>
  </datafield>
  <datafield tag="490" ind1=" " ind2=" ">
    <subfield code="a">&#x642;&#x636;&#x627;&#x64A;&#x627; &#x62A;&#x631;&#x628;&#x648;&#x64A;&#x629;</subfield>
  </datafield>
  <datafield tag="504" ind1=" " ind2=" ">
    <subfield code="a">&#x628;&#x64A;&#x628;&#x644;&#x64A;&#x648;&#x63A;&#x631;&#x627;&#x641;&#x64A;&#x627; &#x635;.289 &#x61B;&#x627;&#x644;&#x645;&#x644;&#x627;&#x62D;&#x642; &#x635;.299  &#x645;&#x644;&#x62E;&#x635; &#x627;&#x644;&#x628;&#x62D;&#x62B; &#x635;.307</subfield>
  </datafield>
  <datafield tag="520" ind1=" " ind2=" ">
    <subfield code="a">&#x645;&#x634;&#x643;&#x644;&#x629; &#x62A;&#x627;&#x644;&#x628;&#x62D;&#x62B; &#x648;&#x623;&#x647;&#x645;&#x64A;&#x629; &#x62F;&#x631;&#x627;&#x633;&#x62A;&#x647;&#x627;&#x60C;&#x645;&#x635;&#x627;&#x62F;&#x631; &#x627;&#x644;&#x62A;&#x645;&#x648;&#x64A;&#x644; &#x627;&#x644;&#x623;&#x62C;&#x646;&#x628;&#x64A; &#x644;&#x644;&#x62A;&#x639;&#x644;&#x64A;&#x645; &#x627;&#x644;&#x645;&#x635;&#x631;&#x64A;&#x60C;&#x627;&#x644;&#x645;&#x639;&#x648;&#x646;&#x629; &#x627;&#x644;&#x623;&#x645;&#x631;&#x64A;&#x643;&#x64A;&#x629; &#x644;&#x642;&#x637;&#x627;&#x639; &#x627;&#x644;&#x62A;&#x639;&#x644;&#x64A;&#x645; &#x627;&#x644;&#x645;&#x635;&#x631;&#x64A;&#x60C;&#x646;&#x645;&#x627;&#x630;&#x62C; &#x644;&#x644;&#x642;&#x631;&#x648;&#x636; &#x648;&#x627;&#x644;&#x645;&#x639;&#x648;&#x646;&#x627;&#x62A; &#x627;&#x644;&#x623;&#x62C;&#x646;&#x628;&#x64A;&#x629; &#x627;&#x644;&#x645;&#x648;&#x62C;&#x647;&#x629; &#x625;&#x644;&#x649; &#x642;&#x637;&#x627;&#x639; &#x627;&#x644;&#x62A;&#x639;&#x644;&#x64A;&#x645; &#x627;&#x644;&#x645;&#x635;&#x631;&#x64A; &#x639;&#x644;&#x649; &#x627;&#x644;&#x645;&#x633;&#x62A;&#x648;&#x649; &#x627;&#x644;&#x62B;&#x646;&#x627;&#x626;&#x64A; &#x648;&#x627;&#x644;&#x645;&#x62A;&#x639;&#x62F;&#x62F; &#x627;&#x644;&#x623;&#x637;&#x631;&#x627;&#x641; &#x645;&#x62A;&#x645;&#x62B;&#x644;&#x627; &#x641;&#x64A; &#x642;&#x631;&#x648;&#x636;(&#x627;&#x644;&#x628;&#x646;&#x643; &#x627;&#x644;&#x62F;&#x648;&#x644;&#x64A; &#x648;&#x628;&#x646;&#x643; &#x627;&#x644;&#x62A;&#x646;&#x645;&#x64A;&#x629; &#x627;&#x644;&#x623;&#x641;&#x631;&#x64A;&#x642;&#x64A; &#x648;&#x628;&#x639;&#x636; &#x627;&#x644;&#x647;&#x64A;&#x626;&#x627;&#x62A; &#x627;&#x644;&#x62A;&#x627;&#x628;&#x639;&#x629; &#x644;&#x644;&#x623;&#x645;&#x645; &#x627;&#x644;&#x645;&#x62A;&#x62D;&#x62F;&#x629;&#x60C;&#x627;&#x644;&#x62F;&#x631;&#x627;&#x633;&#x629; &#x627;&#x644;&#x645;&#x64A;&#x62F;&#x627;&#x646;&#x64A;&#x629;(&#x625;&#x62C;&#x631;&#x627;&#x621;&#x627;&#x62A;&#x647;&#x627;-&#x646;&#x62A;&#x627;&#x626;&#x62C;&#x647;&#x627;-&#x62A;&#x62D;&#x644;&#x64A;&#x644;&#x647;&#x627;)</subfield>
  </datafield>
  <datafield tag="653" ind1=" " ind2=" ">
    <subfield code="a">&#x627;&#x644;&#x62A;&#x639;&#x644;&#x64A;&#x645;-&#x645;&#x635;&#x631;</subfield>
  </datafield>
  <datafield tag="942" ind1=" " ind2=" ">
    <subfield code="c">&#x643;&#x62A;&#x627;&#x628;</subfield>
  </datafield>
  <datafield tag="952" ind1=" " ind2=" ">
    <subfield code="0">0</subfield>
    <subfield code="1">0</subfield>
    <subfield code="2">ddc</subfield>
    <subfield code="4">0</subfield>
    <subfield code="7">-1</subfield>
    <subfield code="a">fsecg</subfield>
    <subfield code="b">fsecg</subfield>
    <subfield code="d">2026-05-07</subfield>
    <subfield code="h">&#x627;&#x644;&#x637;&#x627;&#x628;&#x642; &#x627;&#x644;&#x623;&#x631;&#x636;&#x64A;</subfield>
    <subfield code="i">1077/1</subfield>
    <subfield code="l">0</subfield>
    <subfield code="o">&#x623;/1077&#x646;1</subfield>
    <subfield code="p">1077/1</subfield>
    <subfield code="r">2026-05-07 07:50:55</subfield>
    <subfield code="w">2026-05-07</subfield>
    <subfield code="y">&#x643;&#x62A;&#x627;&#x628;</subfield>
  </datafield>
  <datafield tag="952" ind1=" " ind2=" ">
    <subfield code="0">0</subfield>
    <subfield code="1">0</subfield>
    <subfield code="2">ddc</subfield>
    <subfield code="4">0</subfield>
    <subfield code="7">0</subfield>
    <subfield code="a">fsecg</subfield>
    <subfield code="b">fsecg</subfield>
    <subfield code="d">2026-05-07</subfield>
    <subfield code="h">&#x627;&#x644;&#x637;&#x627;&#x628;&#x642; &#x627;&#x644;&#x623;&#x631;&#x636;&#x64A;</subfield>
    <subfield code="i">1077/2</subfield>
    <subfield code="l">0</subfield>
    <subfield code="o">&#x623;/1077&#x646;2</subfield>
    <subfield code="p">1077/2</subfield>
    <subfield code="r">2026-05-07 07:50:55</subfield>
    <subfield code="w">2026-05-07</subfield>
    <subfield code="y">&#x643;&#x62A;&#x627;&#x628;</subfield>
  </datafield>
  <datafield tag="952" ind1=" " ind2=" ">
    <subfield code="0">0</subfield>
    <subfield code="1">0</subfield>
    <subfield code="2">ddc</subfield>
    <subfield code="4">0</subfield>
    <subfield code="7">0</subfield>
    <subfield code="a">fsecg</subfield>
    <subfield code="b">fsecg</subfield>
    <subfield code="d">2026-05-07</subfield>
    <subfield code="h">&#x627;&#x644;&#x637;&#x627;&#x628;&#x642; &#x627;&#x644;&#x62B;&#x627;&#x646;&#x64A;</subfield>
    <subfield code="i">1077/3</subfield>
    <subfield code="l">0</subfield>
    <subfield code="o">&#x623;/1077&#x646;3</subfield>
    <subfield code="p">1077/3</subfield>
    <subfield code="r">2026-05-07 07:50:55</subfield>
    <subfield code="w">2026-05-07</subfield>
    <subfield code="y">&#x643;&#x62A;&#x627;&#x628;</subfield>
  </datafield>
  <datafield tag="999" ind1=" " ind2=" ">
    <subfield code="c">42733</subfield>
    <subfield code="d">42733</subfield>
  </datafield>
</record>
